Một số cấu trúc cơ bản của Đại số hiện đại
Nội dung của giáo trình là một hệ thống kiến thức mở, gồm các vấn đề sau đây: Tập hợp - logic - quan hệ - Ánh xạ; Nửa nhóm và nhóm; Vành và trường; Module; Dàn và đại số Boole; Phạm trù và hàm tử...
Kaydedildi:
| Yazar: | |
|---|---|
| Materyal Türü: | Kitap |
| Dil: | Undetermined |
| Baskı/Yayın Bilgisi: |
H.
Đại học sư phạm
2008
|
| Konular: | |
| Online Erişim: | http://lrc.tdmu.edu.vn/opac/search/detail.asp?aID=2&ID=19785 |
| Etiketler: |
Etiketle
Etiket eklenmemiş, İlk siz ekleyin!
|
| Thư viện lưu trữ: | Trung tâm Học liệu Trường Đại học Thủ Dầu Một |
|---|
| LEADER | 01009nam a2200205Ia 4500 | ||
|---|---|---|---|
| 001 | TDMU_19785 | ||
| 008 | 210410s9999 xx 000 0 und d | ||
| 082 | |a 512 | ||
| 090 | |b D561 | ||
| 100 | |a Dương, Quốc Việt | ||
| 245 | 0 | |a Một số cấu trúc cơ bản của Đại số hiện đại | |
| 245 | 0 | |c Dương Quốc Việt | |
| 260 | |a H. | ||
| 260 | |b Đại học sư phạm | ||
| 260 | |c 2008 | ||
| 300 | |a 259tr. | ||
| 520 | |a Nội dung của giáo trình là một hệ thống kiến thức mở, gồm các vấn đề sau đây: Tập hợp - logic - quan hệ - Ánh xạ; Nửa nhóm và nhóm; Vành và trường; Module; Dàn và đại số Boole; Phạm trù và hàm tử | ||
| 650 | |a Đại số |x cấu trúc cơ bản; Toán học |x Đại số | ||
| 856 | |u http://lrc.tdmu.edu.vn/opac/search/detail.asp?aID=2&ID=19785 | ||
| 980 | |a Trung tâm Học liệu Trường Đại học Thủ Dầu Một | ||